| 000 | 00940nam0a22002651 4500 | ||
|---|---|---|---|
| 001 | v19\rc\1710987 | ||
| 005 | 20260406191712.0 | ||
| 035 | _a(NLR Aleph) 004810815 | ||
| 090 |
_a4926536 _c4926536 |
||
| 100 | _a20061002d1899 |||y0rusy50 ca | ||
| 101 | 0 | _arus | |
| 102 | _aRU | ||
| 105 | _ay z ||||| | ||
| 200 | 1 | _aСписок членов Русского общества деятелей печатного дела ко времени его открытия 11 мая 1899 года | |
| 210 |
_a[Санкт-Петербург] _dценз. 1899 |
||
| 215 |
_a[5] с. _d36 |
||
| 309 | _aБез тит. л. и обл. | ||
| 710 | 0 | 2 |
_aРусское о-во деятелей печатного дела _cПетербург _9403888 _3RU\NLR\AUTH\889953952 |
| 801 | 0 |
_aRU _bNLR _gpsbo |
|
| 801 | 0 |
_aRU _bRuMoRGB _2psbo |
|
| 801 | 1 |
_aRU _bProSoft-M _2rusmarc |
|
| 852 |
_aNLR _j19.115.1.450 |
||
| 899 | _aБАН | ||
| 942 | _cBOOK | ||
| 980 | _aNB | ||